000 00892nam a22002297a 4500
001 44954
003 BD-RjUL
005 20211209053936.0
008 160721s1970 bg ||||| |||| 00| 0 ben d
020 _c: TK 15.00
035 _a(BD-RjUL)45072
040 _aBD-RjUL
_bben
_cBD-RjUL
_dBD-RjUL
041 _aben
082 _223
_a330.109
_bRAA 1970
100 _aরহমান, শফিকুর
_9117418
245 1 0 _aঅর্থনৈতিক চিন্তাধারার ক্রমবিকাশ /
_cশফিকুর রহমান
260 _aঢাকা :
_bন্যাশনাল পাবলিশিং হাউজ লিমিটেড ,
_c১৯৭০
300 _a[8], ৪৭০ পৃ. ;
_c২১ সেমি.
650 _aঅর্থনীতি
_xইতিহাস
_9137774
650 _aEconomics
_xHistory
_9137775
942 _2ddc
_cBK
999 _c44954
_d44954